000 00366nam a2200133 i 4500
001 bg
100 1 _aWĘDZONY, Józef Tadeusz
245 0 _aĆwiczenia z rachunku wyrównawczego i metod obliczeń geodezyjnych /
_cJózef Tadeusz Wędzony.
260 _aWarszawa,
_c1971.
040 _cBPK
041 _apol
942 _cKS
008 s pl f |000 0 pol
999 _c7240
_d7240
856 _uhttp://koha.tu.koszalin.pl/cgi-bin/koha/opac-detail.pl?biblionumber=7240
_yKatalog online BPK